000 00281nam a2200133Ia 4500
100 _aSharma/P
942 _cBK
654 _afuels
245 _aFuels and combustion
260 _bTata Mc Graw hill
_aNew Delhi
_c1987
082 _a662.6
_bSHA
300 _a500
546 _aENGLISH
999 _c20370
_d20370